000 00299nam a2200121Ia 4500
005 20260328104303.0
008 260328s9999||||xx |||||||||||||| ||und||
100 _aMacaulay, David
245 0 _aNacimiento de Una PirĂ¡mide /
_cDavid Macaulay
260 _bTimun Mas
650 _aEGIPTO
942 _cBK
999 _c10672
_d10672